| 000 | 00460nam a2200181Ia 4500 | ||
|---|---|---|---|
| 008 | 230524s9999 xx 000 0 und d | ||
| 020 | _a9780073523408 | ||
| 082 |
_a658 _bASW |
||
| 100 | _aK.Aswathappa | ||
| 245 | 0 | _aProduction and Operations Management | |
| 250 | _a1ST | ||
| 260 |
_aNEW DELHI _bHimalaya Publication _c2007 |
||
| 300 | _aXVI;609 | ||
| 500 | _aQuantity Number: 30 | ||
| 650 | _aManagement | ||
| 700 | _a K.Shridhara Bhat | ||
| 942 | _cBK | ||
| 999 |
_c37558 _d37558 |
||